| 000 | 00592nam a2200193 u 4500 | ||
|---|---|---|---|
| 001 | 000020640 | ||
| 003 | OSt | ||
| 005 | 20201001104115.0 | ||
| 008 | 100812s2017 r 000 0 spa d | ||
| 020 | _a9789945908213 | ||
| 040 |
_aDO-SdBNP _bspa _cBNPHU |
||
| 100 | 1 |
_aSuriel Suazo, Hugo Rafael _943376 |
|
| 245 | 1 | 0 |
_aHrsuriel / _cHrsuriel, Hugo Rafael Suriel Suazo; translation Guillermina Nadal. |
| 260 |
_aSanto Domingo : _bImpresos Camilo, _c2017. |
||
| 300 |
_a398 p. _bil., _c29 cm. |
||
| 700 | 1 |
_aNadal, Guillermina, _e translation _911075 |
|
| 942 |
_2ddc _cLF1 |
||
| 956 | _aLOPEREZ | ||
| 999 |
_c20144 _d20144 |
||